[Event "Junior Online 4NCL Division 3"]
[Site "online"]
[Date "2021.09.02"]
[EventDate "2021.09.02"]
[Round "2.54"]
[White "Ta, Duc"]
[WhiteElo "1275"]
[WhiteTeam "Wanstead Warriors 1"]
[Black "Gupta, Shourya"]
[BlackElo "1400"]
[BlackTeam "Chess Challengers A"]
[Result "1-0"]
[PlyCount "137"]

1. d4 d5 2. Bf4 Bf5 3. e3 e6 4. Nf3 c5 5. c3 Nc6 6. Nbd2 Qb6 7. b3 cxd4 8. exd4 Ba3 9. Qe2 Bb2 10. Rd1 Bc2 11. Nb1 Bxd1 12. Qxb2 Bxf3 13. gxf3 Nf6 14. Rg1 Nh5 15. Bd6 Qd8 16. Bg3 Qg5 17. Qe2 Nf4 18. Qe3 h6 19. Qxf4 Qg6 20. Qc1 h5 21. h4 Qf6 22. Be2 Rh6 23. Qg5 Qxg5 24. hxg5 Rg6 25. Bf4 e5 26. dxe5 Re6 27. Rh1 g6 28. Nd2 Nxe5 29. Bxe5 Rxe5 30. Rg1 Kd7 31. c4 d4 32. Ne4 Rd8 33. Rh1 Kc8 34. Bd3 Rf5 35. Rh3 Re8 36. Ke2 Rxg5 37. Kd2 Ra5 38. Nd6+ Kd7 39. Nxe8 Rxa2+ 40. Ke1 Kxe8 41. Rh4 Ra1+ 42. Kd2 Ra2+ 43. Ke1 Ra1+ 44. Kd2 Ra2+ 45. Ke1 Ra1+ 46. Kd2 Ra2+ 47. Bc2 Ke7 48. Rxd4 f5 49. Rd5 Ke6 50. Kc3 Ra1 51. Rd1 Rxd1 52. Bxd1 h4 53. Be2 h3 54. Bf1 h2 55. Bg2 Ke5 56. Kd2 Kf4 57. Ke2 g5 58. Kf1 g4 59. fxg4 fxg4 60. c5 Ke5 61. Bxb7 Ke6 62. Kg2 h1=Q+ 63. Kxh1 Kd7 64. c6+ Kc7 65. Kg2 a5 66. Kg3 Kb8 67. Kxg4 Kc7 68. f4 a4 69. bxa4 1-0

[Event "Junior Online 4NCL Division 3"]
[Site "online"]
[Date "2021.09.02"]
[EventDate "2021.09.02"]
[Round "2.55"]
[White "Demetriou, Jay"]
[WhiteElo "1519"]
[WhiteTeam "Wanstead Warriors 1"]
[Black "Sidana, Rishabh"]
[BlackElo "1399"]
[BlackTeam "Chess Challengers A"]
[Result "1-0"]
[PlyCount "143"]

1. e4 c5 2. Nf3 Nc6 3. d4 cxd4 4. Nxd4 Nf6 5. f3 e5 6. Nxc6 bxc6 7. c4 Bb4+ 8. Bd2 Qa5 9. a3 Bxd2+ 10. Qxd2 Qxd2+ 11. Nxd2 O-O 12. b4 d5 13. cxd5 cxd5 14. Bd3 Be6 15. O-O Rad8 16. Rfd1 d4 17. Nc4 Bxc4 18. Bxc4 Rc8 19. Rac1 Rc7 20. Rd2 Rfc8 21. Rdc2 Kf8 22. Bd3 Rxc2 23. Rxc2 Rxc2 24. Bxc2 Nd7 25. Kf1 Nb6 26. Bb3 Ke7 27. Ke2 f6 28. Kd3 Kd6 29. g3 Kc6 30. f4 Kb5 31. h3 Na4 32. Bc4+ Kc6 33. Bd5+ Kd6 34. Bb3 Nb6 35. a4 h6 36. a5 Nc8 37. Kc4 g5 38. f5 Ne7 39. b5 Nc8 40. g4 Kc7 41. Kc5 Kb7 42. Kd5 Kc7 43. Ke6 Nd6 44. b6+ axb6 45. axb6+ Kc6 46. Bd5+ Kc5 47. b7 Nxb7 48. Bxb7 d3 49. Ba6 d2 50. Be2 Kd4 51. Kxf6 Kxe4 52. Kg6 Ke3 53. Bd1 e4 54. f6 Kf2 55. f7 Ke1 56. Ba4 e3 57. f8=Q e2 58. Qf3 d1=Q 59. Bxd1 exd1=Q 60. Qxd1+ Kf2 61. Qd3 Kg2 62. Kf5 Kh2 63. Ke4 Kg2 64. Qf3+ Kh2 65. Qe3 Kg2 66. Kd3 Kh2 67. Ke2 Kg2 68. Qf3+ Kh2 69. Qf5 Kxh3 70. Qf1+ Kh4 71. Kf3 h5 72. Qh1# 1-0

[Event "Junior Online 4NCL Division 3"]
[Site "online"]
[Date "2021.09.02"]
[EventDate "2021.09.02"]
[Round "2.56"]
[White "Subramanian, Ashwanth"]
[WhiteElo "1350"]
[WhiteTeam "Chess Challengers A"]
[Black "Stevens, Tobias"]
[BlackElo "1468"]
[BlackTeam "Wanstead Warriors 1"]
[Result "1-0"]
[PlyCount "77"]

1. e4 e6 2. d4 d5 3. e5 c5 4. c3 Nc6 5. f4 Bd7 6. Nf3 Be7 7. Be3 Qb6 8. Qb3 Qxb3 9. axb3 b6 10. Bd3 g6 11. Nbd2 Nh6 12. c4 dxc4 13. bxc4 Nf5 14. Bxf5 exf5 15. d5 Nb4 16. Ke2 O-O 17. d6 Bd8 18. Nf1 h6 19. Bd2 g5 20. Bxb4 cxb4 21. fxg5 hxg5 22. Ne3 g4 23. Nd4 Bg5 24. Nexf5 Bxf5 25. Nxf5 Rfe8 26. Kd3 Rxe5 27. Raf1 Bc1 28. Ne7+ Rxe7 29. dxe7 Bxb2 30. Re1 Re8 31. Re4 Bf6 32. Rhe1 Bh4 33. Rxg4+ Kh7 34. Rxh4+ Kg6 35. Rd4 Kf6 36. Rd6+ Kg7 37. Rd8 Rh8 38. Rxh8 Kxh8 39. e8=Q+ 1-0

[Event "Junior Online 4NCL Division 3"]
[Site "online"]
[Date "2021.09.02"]
[EventDate "2021.09.02"]
[Round "2.57"]
[White "Gurusamy, Paramaguru"]
[WhiteElo "1312"]
[WhiteTeam "Wanstead Warriors 1"]
[Black "Ray, Ayush"]
[BlackElo "1320"]
[BlackTeam "Chess Challengers A"]
[Result "0-1"]
[PlyCount "114"]

1. d4 d5 2. c4 e6 3. g3 Nf6 4. Nf3 c5 5. Bg2 Nc6 6. cxd5 exd5 7. Nc3 Be6 8. Bg5 cxd4 9. Nxd4 Be7 10. Nxe6 fxe6 11. O-O O-O 12. e4 d4 13. Nb5 e5 14. Bd2 a6 15. Na3 Bxa3 16. bxa3 Qe7 17. f4 Qd7 18. fxe5 Nxe5 19. Rb1 b5 20. Bb4 Rfd8 21. Rf5 Nc4 22. Qf1 Ne3 23. Qf2 Nxf5 24. e5 Nd5 25. Bxd5+ Qxd5 26. Qxf5 Qxa2 27. Rf1 Qd5 28. Qg5 d3 29. Rd1 Re8 30. Re1 Rad8 31. Bd6 Rxd6 32. Qf4 Rde6 33. Rd1 Rxe5 34. Qb4 Re4 35. Qc3 Rc4 36. Qb3 d2 37. Kf2 Qc5+ 38. Kg2 Qd6 39. Qb2 Rd4 40. Qa2+ Kh8 41. Qc2 Re1 42. Qc8+ Qd8 43. Rxd2 Qxc8 44. Rxd4 h6 45. Rd2 Rc1 46. Kf3 Rc2 47. Rd3 Rc3 48. Ke4 Rxd3 49. Kxd3 Qc1 50. h4 Qxa3+ 51. Ke4 b4 52. h5 b3 53. g4 b2 54. Kd5 b1=Q 55. Kc6 Qb5+ 56. Kc7 Qac5+ 57. Kd8 Qb7 0-1

[Event "Junior Online 4NCL Division 3"]
[Site "online"]
[Date "2021.09.02"]
[EventDate "2021.09.02"]
[Round "2.58"]
[White "Gupta, Shourya"]
[WhiteElo "1400"]
[WhiteTeam "Chess Challengers A"]
[Black "Ta, Duc"]
[BlackElo "1275"]
[BlackTeam "Wanstead Warriors 1"]
[Result "1-0"]
[PlyCount "61"]

1. d4 d5 2. Bf4 Nf6 3. e3 e6 4. c4 c6 5. Nc3 Be7 6. Nf3 Nbd7 7. c5 O-O 8. Bd3 b6 9. b4 Bb7 10. e4 dxe4 11. Nxe4 Nd5 12. Bd2 Qc7 13. a3 e5 14. dxe5 Nxe5 15. Nxe5 Qxe5 16. O-O Qc7 17. cxb6 axb6 18. Ng5 Qe5 19. Qh5 h6 20. Bh7+ Kh8 21. Nxf7+ Rxf7 22. Qxe5 Kxh7 23. Rfe1 Bf6 24. Qe4+ Kh8 25. Rac1 Bb2 26. Rc2 Bxa3 27. Qe6 Rff8 28. Bxh6 Rfe8 29. Bxg7+ Kxg7 30. Qg4+ Kf8 31. Qf5+ 1-0

[Event "Junior Online 4NCL Division 3"]
[Site "online"]
[Date "2021.09.02"]
[EventDate "2021.09.02"]
[Round "2.61"]
[White "Harb, Laith A"]
[WhiteElo "1294"]
[WhiteTeam "JHJ Shark Tank 7"]
[Black "Saunders, Oliver"]
[BlackElo "1225"]
[BlackTeam "Barnet Knights C"]
[Result "1-0"]
[PlyCount "45"]

1. d4 d5 2. c4 Nf6 3. Nf3 Bf5 4. Nc3 e6 5. a3 Nc6 6. Bf4 Bd6 7. Bg3 Bxg3 8. hxg3 a6 9. e3 b5 10. cxb5 axb5 11. Bxb5 Qd7 12. Ne5 Qd6 13. Bxc6+ Nd7 14. Bxa8 Nxe5 15. dxe5 Qxe5 16. Bc6+ Kd8 17. Qa4 Ke7 18. Qb4+ Kf6 19. Qd4 Qxd4 20. exd4 Rb8 21. b4 Rb6 22. b5 Bd3 23. a4 1-0

[Event "Junior Online 4NCL Division 3"]
[Site "online"]
[Date "2021.09.02"]
[EventDate "2021.09.02"]
[Round "2.62"]
[White "Malus, Sean"]
[WhiteElo "1084"]
[WhiteTeam "Barnet Knights C"]
[Black "Bradshaw, Sam"]
[BlackElo "1257"]
[BlackTeam "JHJ Shark Tank 7"]
[Result "0-1"]
[PlyCount "60"]

1. e4 e5 2. Nf3 Nc6 3. Bc4 Bc5 4. Nc3 Nf6 5. d3 h6 6. Be3 d6 7. Nd5 Nxd5 8. Bxd5 Nd4 9. c3 Nxf3+ 10. Qxf3 Be6 11. Bb3 Bxb3 12. axb3 Bxe3 13. fxe3 Qd7 14. Rf1 O-O-O 15. b4 Rhf8 16. Qd1 Qc6 17. Qg4+ Kb8 18. Qd1 Qb6 19. Qb3 Qxe3+ 20. Kd1 Qxd3+ 21. Kc1 Qxf1+ 22. Qd1 Qxg2 23. Qa4 Qg1+ 24. Kc2 Qf2+ 25. Kb3 d5 26. b5 dxe4 27. Kb4 Qxb2+ 28. Kc5 Qxc3+ 29. Qc4 b6+ 30. Kc6 Rd6# 0-1

[Event "Junior Online 4NCL Division 3"]
[Site "online"]
[Date "2021.09.02"]
[EventDate "2021.09.02"]
[Round "2.63"]
[White "Kraft, Thomas"]
[WhiteElo "1237"]
[WhiteTeam "JHJ Shark Tank 7"]
[Black "Morin, Julian"]
[BlackElo "1049"]
[BlackTeam "Barnet Knights C"]
[Result "0-1"]
[PlyCount "116"]

1. d4 d5 2. Nc3 c6 3. Bf4 Nd7 4. Nf3 e6 5. e3 Bb4 6. Qd2 Ngf6 7. O-O-O Ne4 8. Qe1 Nxc3 9. bxc3 Ba3+ 10. Kd2 O-O 11. Bd3 Nf6 12. Bg5 h6 13. Bh4 Be7 14. g4 Ne4+ 15. Bxe4 dxe4 16. Bxe7 Qxe7 17. Ne5 f6 18. Ng6 Qf7 19. Nxf8 Qxf8 20. h4 e5 21. dxe5 fxe5 22. Rf1 Bxg4 23. Rb1 Rd8+ 24. Kc1 Qa3+ 25. Rb2 Rd1+ 26. Qxd1 Bxd1 27. Kxd1 Qxb2 28. Ke2 Qxc2+ 29. Ke1 Qxc3+ 30. Ke2 Qd3+ 31. Ke1 Qb1+ 32. Ke2 Qxa2+ 33. Ke1 Qa5+ 34. Ke2 Qb5+ 35. Ke1 Qb4+ 36. Ke2 Qc4+ 37. Ke1 Qc3+ 38. Ke2 Qd3+ 39. Ke1 Qxf1+ 40. Kxf1 Kf7 41. Ke1 Kf6 42. Kd2 g5 43. Kc3 gxh4 44. Kc4 h3 45. Kc5 h2 46. Kd6 h1=Q 47. Kc7 Qd1 48. Kxb7 Qa4 49. Kc7 Qb5 50. Kd6 Qd5+ 51. Kc7 Ke7 52. Kb7 Kd7 53. Kxa7 Kc7 54. Ka6 h5 55. f3 exf3 56. e4 Qd3+ 57. Ka7 Qd4+ 58. Ka6 Qb6# 0-1

[Event "Junior Online 4NCL Division 3"]
[Site "online"]
[Date "2021.09.02"]
[EventDate "2021.09.02"]
[Round "2.64"]
[White "Scheffel, Oliver"]
[WhiteElo "1126"]
[WhiteTeam "Barnet Knights C"]
[Black "Stacey, Edward"]
[BlackElo "1255"]
[BlackTeam "JHJ Shark Tank 7"]
[Result "0-1"]
[PlyCount "126"]

1. e4 e5 2. Nf3 Nc6 3. Nc3 Nf6 4. Be2 d5 5. exd5 Nxd5 6. Bb5 Nxc3 7. Bxc6+ bxc6 8. bxc3 Bg4 9. O-O Bd6 10. d3 Qf6 11. Bg5 Qxg5 12. Nxg5 Bxd1 13. Rfxd1 h6 14. Ne4 f5 15. Nxd6+ cxd6 16. d4 e4 17. d5 c5 18. c4 Rb8 19. Rab1 O-O 20. Rb3 Rb4 21. a3 Rxc4 22. c3 Ra4 23. Rc1 Ra6 24. c4 Rb6 25. Rb5 Rxb5 26. cxb5 Rb8 27. a4 a6 28. Rb1 axb5 29. Rxb5 Ra8 30. a5 Kf8 31. Kf1 Ke8 32. Ke2 Kd8 33. Rb6 Kc7 34. Rb5 Rb8 35. Rxb8 Kxb8 36. Ke3 g5 37. f3 exf3 38. Kxf3 Kb7 39. Ke3 Ka6 40. Kd3 Kxa5 41. Kc4 Kb6 42. Kc3 Kb5 43. Kb3 c4+ 44. Kc3 Kc5 45. Kc2 Kxd5 46. Kd2 Kd4 47. Kc2 c3 48. Kc1 Kd3 49. Kd1 c2+ 50. Kc1 Kc3 51. g3 Kd3 52. h3 f4 53. h4 fxg3 54. hxg5 hxg5 55. Kb2 Kd2 56. Kb3 c1=Q 57. Ka2 Qc3 58. Kb1 Qc2+ 59. Ka1 Qc3+ 60. Kb1 Ke2 61. Ka2 g2 62. Kb1 Qd2 63. Ka1 g1=Q# 0-1

[Event "Junior Online 4NCL Division 3"]
[Site "online"]
[Date "2021.09.02"]
[EventDate "2021.09.02"]
[Round "2.65"]
[White "Saunders, Oliver"]
[WhiteElo "1225"]
[WhiteTeam "Barnet Knights C"]
[Black "Harb, Laith A"]
[BlackElo "1294"]
[BlackTeam "JHJ Shark Tank 7"]
[Result "1/2-1/2"]
[PlyCount "30"]

1. e4 c5 2. Nf3 d6 3. Nc3 Nf6 4. Bc4 a6 5. e5 dxe5 6. Nxe5 e6 7. Be2 Bd6 8. Nc4 Be7 9. Ne5 Qd4 10. Nf3 Qd8 11. Ne5 Nbd7 12. Nf3 b5 13. Ng5 Bb7 14. Bf3 Bxf3 15. Qxf3 Rb8 1/2-1/2

[Event "Junior Online 4NCL Division 3"]
[Site "online"]
[Date "2021.09.02"]
[EventDate "2021.09.02"]
[Round "2.66"]
[White "Bradshaw, Sam"]
[WhiteElo "1257"]
[WhiteTeam "JHJ Shark Tank 7"]
[Black "Malus, Sean"]
[BlackElo "1084"]
[BlackTeam "Barnet Knights C"]
[Result "1-0"]
[PlyCount "25"]

1. e4 e5 2. Bc4 Nf6 3. Nf3 Bc5 4. Nxe5 O-O 5. d4 d6 6. Bxf7+ Rxf7 7. Nxf7 Kxf7 8. e5 Bb4+ 9. c3 Bxc3+ 10. Nxc3 Kg8 11. Qb3+ d5 12. exf6 Qe8+ 13. Be3 1-0

[Event "Junior Online 4NCL Division 3"]
[Site "online"]
[Date "2021.09.02"]
[EventDate "2021.09.02"]
[Round "2.67"]
[White "Morin, Julian"]
[WhiteElo "1049"]
[WhiteTeam "Barnet Knights C"]
[Black "Kraft, Thomas"]
[BlackElo "1237"]
[BlackTeam "JHJ Shark Tank 7"]
[Result "1/2-1/2"]
[PlyCount "68"]

1. c4 e5 2. b3 Nf6 3. Bb2 Nc6 4. Nc3 Bc5 5. e3 O-O 6. Bd3 g6 7. Nge2 Nb4 8. a3 Nxd3+ 9. Kf1 Nxb2 10. Qc2 Nxc4 11. bxc4 Qe7 12. d4 exd4 13. exd4 Bxa3 14. c5 Bb4 15. Na2 Nd5 16. Qc4 c6 17. Nxb4 Nxb4 18. Qxb4 Re8 19. Re1 Qf6 20. g3 Qf3 21. Qc3 Qxh1+ 22. Ng1 Rxe1+ 23. Qxe1 Qxh2 24. Qe8+ Kg7 25. Qe5+ Kh6 26. Qf4+ Kg7 27. Qe5+ Kf8 28. Qh8+ Ke7 29. Qe5+ Kd8 30. Qf6+ Ke8 31. Qh8+ Ke7 32. Qe5+ Kd8 33. Qh8+ Kc7 34. Qe5+ Kd8 1/2-1/2

[Event "Junior Online 4NCL Division 3"]
[Site "online"]
[Date "2021.09.02"]
[EventDate "2021.09.02"]
[Round "2.68"]
[White "Stacey, Edward"]
[WhiteElo "1255"]
[WhiteTeam "JHJ Shark Tank 7"]
[Black "Scheffel, Oliver"]
[BlackElo "1126"]
[BlackTeam "Barnet Knights C"]
[Result "1/2-1/2"]
[PlyCount "112"]

1. e4 e5 2. Nf3 Nc6 3. Bc4 Nf6 4. Ng5 d5 5. exd5 Nxd5 6. Bxd5 Qxd5 7. Qf3 Qxf3 8. Nxf3 e4 9. Ng1 Nd4 10. Kd1 Be7 11. c3 Nf5 12. f3 exf3 13. Nxf3 O-O 14. d4 Nh6 15. Bxh6 gxh6 16. Nbd2 Bf6 17. Kc2 Bg7 18. Rae1 Bf5+ 19. Kc1 Bg6 20. Ne5 Rae8 21. Nxg6 Rxe1+ 22. Rxe1 fxg6 23. Rf1 Rxf1+ 24. Nxf1 Kf7 25. Kd2 Ke7 26. Ke3 Kf6 27. Ng3 h5 28. Ne4+ Kf5 29. Kf3 g5 30. Ng3+ Kf6 31. Nxh5+ Kg6 32. Nxg7 Kxg7 33. Kg4 h6 34. h4 gxh4 35. Kxh4 Kg6 36. Kg4 h5+ 37. Kf4 Kf6 38. b3 c6 39. c4 b5 40. cxb5 cxb5 41. d5 b4 42. d6 Ke6 43. Kg5 Kxd6 44. Kxh5 Ke6 45. Kg4 Kf6 46. Kf4 Kg6 47. g4 Kf6 48. Ke4 Kg5 49. Kd4 Kxg4 50. Kc4 Kf3 51. Kxb4 Ke3 52. Kb5 Kd3 53. a4 Kc3 54. a5 Kxb3 55. Ka6 Ka4 56. Kxa7 Kxa5 1/2-1/2

[Event "Junior Online 4NCL Division 3"]
[Site "online"]
[Date "2021.09.02"]
[EventDate "2021.09.02"]
[Round "2.81"]
[White "Mouratidis, Markos"]
[WhiteElo "1253"]
[WhiteTeam "Brentwood School B"]
[Black "Kammin, Samuel"]
[BlackElo "1715"]
[BlackTeam "Farnham Fantasticos A"]
[Result "0-1"]
[PlyCount "144"]

1. e4 c5 2. Nf3 e6 3. d4 cxd4 4. Nxd4 Nf6 5. Nc3 Bb4 6. Bg5 Qa5 7. Nb5 Nxe4 8. Bd2 Nxd2 9. Qxd2 O-O 10. Bd3 a6 11. Nd4 Nc6 12. Nxc6 bxc6 13. O-O Qh5 14. a3 Ba5 15. b4 Bc7 16. g3 Bb7 17. Be4 d5 18. Bg2 a5 19. b5 a4 20. Rfe1 c5 21. Ne2 Ba5 22. c3 Rab8 23. Qd3 Rfd8 24. Red1 e5 25. Qf3 Qh6 26. Qe3 Qxe3 27. fxe3 f6 28. Rac1 c4 29. Rb1 Bb6 30. Kf2 Bc5 31. Ra1 Ba8 32. Rdb1 Rb6 33. Ra2 Kf7 34. Ng1 Rdb8 35. Rd2 Ke6 36. Rbd1 Rd6 37. Bh3+ f5 38. Bg2 Rxb5 39. Ra2 Rb3 40. Ne2 Rxa3 41. Rda1 Rxa2 42. Rxa2 a3 43. Ng1 Rb6 44. Ke1 Rb2 45. Ra1 Rxg2 46. Nf3 Bxe3 47. Rxa3 Bc6 48. Ra7 Bh6 49. Ra6 Kd6 50. Nh4 Rxh2 51. Nxf5+ Kc5 52. Ne7 Be8 53. Ra5+ Kb6 54. Rxd5 Rg2 55. Rxe5 Bd2+ 56. Kf1 Rxg3 57. Ke2 Bxc3 58. Nd5+ Kc5 59. Nxc3+ Kd6 60. Rd5+ Kc6 61. Kd2 Rxc3 62. Kxc3 Kxd5 63. Kc2 Kd4 64. Kd2 c3+ 65. Kc2 Ba4+ 66. Kb1 c2+ 67. Kb2 Kd3 68. Kc1 h5 69. Kb2 Kd2 70. Ka2 Bb3+ 71. Kxb3 c1=Q 72. Ka4 Qb2 0-1

[Event "Junior Online 4NCL Division 3"]
[Site "online"]
[Date "2021.09.02"]
[EventDate "2021.09.02"]
[Round "2.83"]
[White "Kishore Kumar, Anushka"]
[WhiteElo "1087"]
[WhiteTeam "Brentwood School B"]
[Black "Warren, Archie"]
[BlackElo "1462"]
[BlackTeam "Farnham Fantasticos A"]
[Result "0-1"]
[PlyCount "68"]

1. e4 c5 2. Nf3 d6 3. Be2 g6 4. Nc3 Bg7 5. O-O Nc6 6. d3 Nf6 7. Nh4 O-O 8. g3 Bd7 9. Bf3 Nd4 10. Bg2 Bg4 11. Be3 Bxd1 12. Nxd1 Nxc2 13. Rc1 Nxe3 14. Nxe3 Rc8 15. Nd5 Nxd5 16. exd5 Qd7 17. Nf3 Bxb2 18. Rb1 Bg7 19. Ng5 c4 20. dxc4 Rxc4 21. Rbc1 Rfc8 22. Rxc4 Rxc4 23. Bh3 Qb5 24. Nf3 Qxd5 25. Bg2 Qa5 26. Kh1 Qxa2 27. Ng5 b6 28. Nf3 Rc2 29. Nh4 Rxf2 30. Rxf2 Qxf2 31. h3 Be5 32. Kh2 Bxg3+ 33. Kh1 Qe1+ 34. Bf1 Qxf1# 0-1

[Event "Junior Online 4NCL Division 3"]
[Site "online"]
[Date "2021.09.02"]
[EventDate "2021.09.02"]
[Round "2.85"]
[White "Kammin, Samuel"]
[WhiteElo "1715"]
[WhiteTeam "Farnham Fantasticos A"]
[Black "Mouratidis, Markos"]
[BlackElo "1253"]
[BlackTeam "Brentwood School B"]
[Result "1-0"]
[PlyCount "99"]

1. d4 d5 2. Nf3 Nc6 3. c4 Nf6 4. cxd5 Nxd5 5. e4 Nf6 6. Nc3 e6 7. Bg5 Be7 8. Be2 Bd7 9. O-O O-O 10. h3 h6 11. Be3 Bb4 12. Qc2 Bxc3 13. bxc3 Qe7 14. Rab1 Rab8 15. c4 Rfe8 16. e5 Nh7 17. Kh2 Nf8 18. Bd3 f6 19. Rfe1 fxe5 20. Nxe5 Nxe5 21. dxe5 Bc6 22. Be4 Bxe4 23. Qxe4 b6 24. g4 Qh4 25. Rg1 Qe7 26. g5 h5 27. g6 Red8 28. Bg5 Qe8 29. Bxd8 Rxd8 30. Rg5 c5 31. Rbg1 Rd4 32. Qf3 h4 33. R5g4 Rxg4 34. Qxg4 Qb8 35. f4 Qe8 36. Qxh4 Nxg6 37. Qg5 Qd7 38. Qxg6 Qd2+ 39. Rg2 Qxf4+ 40. Qg3 Qh6 41. Qg5 Qh7 42. Qd8+ Kf7 43. Rf2+ Kg6 44. Qe7 Qh6 45. Qxe6+ Kh7 46. Qxh6+ Kxh6 47. e6 Kh5 48. e7 g5 49. e8=Q+ Kh4 50. Qh8# 1-0

[Event "Junior Online 4NCL Division 3"]
[Site "online"]
[Date "2021.09.02"]
[EventDate "2021.09.02"]
[Round "2.87"]
[White "Warren, Archie"]
[WhiteElo "1462"]
[WhiteTeam "Farnham Fantasticos A"]
[Black "Kishore Kumar, Anushka"]
[BlackElo "1087"]
[BlackTeam "Brentwood School B"]
[Result "1-0"]
[PlyCount "67"]

1. d4 Nf6 2. Bf4 g6 3. Nc3 Bg7 4. e4 O-O 5. Qd2 d6 6. O-O-O Nc6 7. Nf3 Be6 8. d5 Ne5 9. dxe6 Nxf3 10. gxf3 fxe6 11. Bh6 Bh8 12. Bxf8 Qxf8 13. Bh3 Bg7 14. Bxe6+ Kh8 15. Kb1 Rd8 16. Nd5 Nxd5 17. exd5 c6 18. Qe3 a6 19. h4 cxd5 20. Rxd5 Bh6 21. Qe4 b5 22. h5 gxh5 23. Rhxh5 Qg7 24. Qg4 Qxg4 25. fxg4 Bg7 26. Bf5 Re8 27. Bxh7 Rf8 28. Rdf5 Rxf5 29. gxf5 d5 30. Bg6+ Kg8 31. Rh3 Kf8 32. Rd3 d4 33. c3 dxc3 34. Rd8# 1-0

[Event "Junior Online 4NCL Division 3"]
[Site "online"]
[Date "2021.09.02"]
[EventDate "2021.09.02"]
[Round "2.91"]
[White "Bharat Kumar, Balahari"]
[WhiteElo "1489"]
[WhiteTeam "Desert Penguins Saturn"]
[Black "Pang, Ethan"]
[BlackElo "1341"]
[BlackTeam "Edgware Gambits D"]
[Result "1-0"]
[PlyCount "97"]

1. d4 Nf6 2. c4 e6 3. Nf3 Bb4+ 4. Bd2 Bxd2+ 5. Nbxd2 O-O 6. e4 d6 7. Bd3 b6 8. Qc2 Bb7 9. e5 dxe5 10. dxe5 Nfd7 11. Bxh7+ Kh8 12. Be4 Bxe4 13. Nxe4 Nc6 14. Neg5 f5 15. Nxe6 Qe7 16. Nxf8 Ncxe5 17. Nxe5 Nxe5 18. O-O Rxf8 19. Rfe1 Rf6 20. Qc3 Re6 21. Kh1 Qd6 22. Rad1 Qe7 23. f3 Kg8 24. Rd5 Nd7 25. Rxe6 Qxe6 26. Rd1 Nc5 27. Re1 Qd7 28. b4 Nd3 29. Ra1 Qd6 30. h3 Nxb4 31. Re1 Nxa2 32. Qe5 Qb4 33. Qe8+ Kh7 34. Qh5+ Kg8 35. Re8+ Qf8 36. Rxf8+ Kxf8 37. Qxf5+ Kg8 38. Qc8+ Kh7 39. Qxc7 a5 40. Qxb6 a4 41. c5 Nc3 42. c6 a3 43. Qa7 a2 44. c7 Nb5 45. Qxa2 Nxc7 46. Qc2+ g6 47. Qxc7+ Kh6 48. f4 Kh5 49. Qh7# 1-0

[Event "Junior Online 4NCL Division 3"]
[Site "online"]
[Date "2021.09.02"]
[EventDate "2021.09.02"]
[Round "2.92"]
[White "Zhou, Richard"]
[WhiteElo "1300"]
[WhiteTeam "Edgware Gambits D"]
[Black "Longia-Zaidi, Ismail"]
[BlackElo "1317"]
[BlackTeam "Desert Penguins Saturn"]
[Result "0-1"]
[PlyCount "48"]

1. d4 Nf6 2. c4 e6 3. Nf3 b6 4. g3 Bb7 5. Bg2 d5 6. cxd5 exd5 7. Nc3 Be7 8. O-O O-O 9. Bf4 Nbd7 10. Qb3 Ne4 11. Rac1 Ndf6 12. Ne5 c5 13. dxc5 Bxc5 14. Rcd1 d4 15. Nxe4 Nxe4 16. Qd3 Nd6 17. Bxb7 Nxb7 18. Nc6 Qd7 19. Nxd4 Qh3 20. Nf3 Nd8 21. Qe4 Ne6 22. Nh4 Rae8 23. Qg2 Nxf4 24. gxf4 Qxh4 0-1

[Event "Junior Online 4NCL Division 3"]
[Site "online"]
[Date "2021.09.02"]
[EventDate "2021.09.02"]
[Round "2.93"]
[White "Dane, Antony"]
[WhiteElo "1361"]
[WhiteTeam "Desert Penguins Saturn"]
[Black "Jowell, Leo"]
[BlackElo "1291"]
[BlackTeam "Edgware Gambits D"]
[Result "1-0"]
[PlyCount "81"]

1. d4 Nf6 2. c4 g6 3. Nc3 Bg7 4. e4 d6 5. Nge2 O-O 6. Ng3 e5 7. d5 Nfd7 8. Be2 f5 9. exf5 gxf5 10. O-O f4 11. Nge4 Nf6 12. b3 Nxe4 13. Nxe4 Bf5 14. Bf3 Nd7 15. Bb2 Nf6 16. Qe2 c6 17. Nxf6+ Rxf6 18. dxc6 bxc6 19. Bxc6 Rc8 20. Bd5+ Kh8 21. Be4 Bxe4 22. Qxe4 Rh6 23. h3 Qg5 24. Qf3 Rf8 25. Rfe1 Re6 26. Qd5 Rh6 27. Qf3 e4 28. Bxg7+ Kxg7 29. Rxe4 Qf6 30. Rae1 Kh8 31. Re7 Qg6 32. Qc3+ Kg8 33. Qf3 Rf7 34. Rxf7 Qxf7 35. Re4 Rf6 36. Qg4+ Kh8 37. Qf3 Qf8 38. Qg4 Rg6 39. Qf3 Qf5 40. Rxf4 Qb1+ 41. Kh2 1-0

[Event "Junior Online 4NCL Division 3"]
[Site "online"]
[Date "2021.09.02"]
[EventDate "2021.09.02"]
[Round "2.94"]
[White "Srinivasan, Gowri"]
[WhiteElo "1205"]
[WhiteTeam "Edgware Gambits D"]
[Black "Mo, Alex"]
[BlackElo "1304"]
[BlackTeam "Desert Penguins Saturn"]
[Result "0-1"]
[PlyCount "80"]

1. d4 d5 2. Nc3 e6 3. Nf3 Nf6 4. Bf4 Bd6 5. Bg3 O-O 6. e3 Nc6 7. Bd3 Bxg3 8. hxg3 Re8 9. Qe2 e5 10. dxe5 Nxe5 11. Ng5 Ng6 12. Bxg6 fxg6 13. O-O-O Bf5 14. Qb5 Rb8 15. Qb3 c6 16. f3 h6 17. e4 Bd7 18. Nh3 Bxh3 19. gxh3 Kh7 20. exd5 Re3 21. dxc6 Qc7 22. Qc4 Qxc6 23. Qf4 Qe8 24. g4 Qe5 25. Qa4 Rxf3 26. Qxa7 Qf4+ 27. Kb1 b5 28. a3 b4 29. axb4 Rxb4 30. g5 Qxg5 31. h4 Qg4 32. Na2 Re4 33. Rhg1 Rg3 34. Rxg3 Qxg3 35. Nc3 Re8 36. Nb5 Qxh4 37. Nd6 Rd8 38. Qe7 Qg4 39. Qxd8 Qxd1+ 40. Ka2 Ne4 0-1

[Event "Junior Online 4NCL Division 3"]
[Site "online"]
[Date "2021.09.02"]
[EventDate "2021.09.02"]
[Round "2.95"]
[White "Pang, Ethan"]
[WhiteElo "1341"]
[WhiteTeam "Edgware Gambits D"]
[Black "Bharat Kumar, Balahari"]
[BlackElo "1489"]
[BlackTeam "Desert Penguins Saturn"]
[Result "0-1"]
[PlyCount "96"]

1. e4 c5 2. Nf3 d6 3. d4 cxd4 4. Nxd4 Nf6 5. Bb5+ Bd7 6. Bxd7+ Qxd7 7. Nc3 a6 8. O-O e6 9. f4 Nc6 10. Nxc6 Qxc6 11. e5 dxe5 12. fxe5 Qc5+ 13. Kh1 Qxe5 14. Bf4 Qc5 15. Bh6 Qh5 16. Qxh5 Nxh5 17. Be3 Be7 18. Bd4 O-O 19. Ne4 Rfd8 20. Bc3 f5 21. Nf2 Bf6 22. Bxf6 Nxf6 23. Rfe1 Rd2 24. Nd3 Ne4 25. Rac1 Rc8 26. g4 Rcxc2 27. Rxc2 Rxc2 28. gxf5 exf5 29. Rd1 Rd2 30. Rxd2 Nxd2 31. Nc5 Nc4 32. b3 Nd6 33. Kg2 Kf7 34. Kf3 g5 35. Kg3 Ne4+ 36. Nxe4 fxe4 37. Kg4 Kf6 38. Kg3 Kf5 39. Kf2 Kf4 40. Ke2 h5 41. Kf2 g4 42. Ke2 h4 43. Kf2 g3+ 44. hxg3+ hxg3+ 45. Kg2 e3 46. Kf1 Kf3 47. Kg1 e2 48. Kh1 e1=Q# 0-1

[Event "Junior Online 4NCL Division 3"]
[Site "online"]
[Date "2021.09.02"]
[EventDate "2021.09.02"]
[Round "2.96"]
[White "Longia-Zaidi, Ismail"]
[WhiteElo "1317"]
[WhiteTeam "Desert Penguins Saturn"]
[Black "Zhou, Richard"]
[BlackElo "1300"]
[BlackTeam "Edgware Gambits D"]
[Result "1-0"]
[PlyCount "47"]

1. d4 Nf6 2. c4 e6 3. Nf3 c5 4. Nc3 Nc6 5. e4 d5 6. e5 Nd7 7. Bg5 f6 8. exf6 Nxf6 9. dxc5 Bxc5 10. Be2 O-O 11. O-O Qb6 12. Bxf6 Rxf6 13. Ng5 Bxf2+ 14. Kh1 Rh6 15. Bh5 Bd4 16. Qf3 Rf6 17. Bf7+ Kf8 18. Nxh7+ Kxf7 19. Nxf6 Bxf6 20. Qh5+ Ke7 21. cxd5 exd5 22. Nxd5+ Kd6 23. Nxb6 axb6 24. Rad1+ 1-0

[Event "Junior Online 4NCL Division 3"]
[Site "online"]
[Date "2021.09.02"]
[EventDate "2021.09.02"]
[Round "2.97"]
[White "Jowell, Leo"]
[WhiteElo "1291"]
[WhiteTeam "Edgware Gambits D"]
[Black "Dane, Antony"]
[BlackElo "1361"]
[BlackTeam "Desert Penguins Saturn"]
[Result "0-1"]
[PlyCount "122"]

1. d4 d5 2. c4 e6 3. Nc3 Nf6 4. Bf4 Be7 5. Nf3 O-O 6. e3 Nbd7 7. Bd3 dxc4 8. Bxc4 a6 9. O-O b5 10. Bd3 Bb7 11. Qc2 c5 12. Ng5 g6 13. Nge4 Nxe4 14. Bxe4 Bxe4 15. Nxe4 c4 16. Bh6 Re8 17. a4 Bf8 18. Bg5 Qc7 19. Nf6+ Nxf6 20. Bxf6 Bg7 21. Bxg7 Kxg7 22. Qe4 Qd6 23. axb5 Qd5 24. Qxd5 exd5 25. bxa6 Re6 26. Ra5 Rd6 27. Rfa1 Rb6 28. a7 Rxb2 29. h3 Rb7 30. Rxd5 Rbxa7 31. Rc1 Ra1 32. Rxa1 Rxa1+ 33. Kh2 c3 34. Rc5 Rc1 35. Kg3 c2 36. d5 Kf6 37. d6 Ke6 38. Kf3 Kxd6 39. Rc3 f5 40. Kf4 Ke6 41. e4 fxe4 42. Kxe4 Re1+ 43. Kd4 c1=Q 44. Rxc1 Rxc1 45. f4 Re1 46. g4 h6 47. h4 Kf6 48. g5+ hxg5 49. fxg5+ Kf5 50. h5 gxh5 51. g6 Kxg6 52. Kc5 Rd1 53. Kb6 Rc1 54. Ka7 Rb1 55. Ka6 Kf5 56. Ka7 Ke5 57. Ka6 Kd5 58. Ka5 Kc4 59. Ka6 Kc5 60. Ka7 Kc6 61. Ka8 Kc7 0-1